Двете Европи (Запис номер 31219)
[ съкратено ]
| 000 -Лидер | |
|---|---|
| Контролно поле с фиксирана дължина | 02060nam a2200397 c 4500 |
| 003 - Код на организацията, давaща контролен номер | |
| Контролно поле | BLK |
| 005 - Дата и час на последна редакция | |
| Контролно поле | 20221229113621.0 |
| 008 - Елементи от данни с фиксирана дължина | |
| fixed length control field | 180407b bul|||||r ||||||| ||bul|| |
| 010 ## - Наследен системен номер | |
| LC control number | KNG00033864000 |
| 020 ## - Международен стандартен номер на книга ISBN | |
| Международен стандартен номер на книга ISBN | 954-642-099-9 |
| -- | издат.: Pensoft |
| 040 ## - Източник на каталожния запис | |
| Идентификатор на билиотеката - собственик на записа | BLK |
| 041 ## - Код за език | |
| Код за езика на текст/звукозапис или на отделно заглавие | Български |
| Код за езика КДБФ | Български |
| 080 ## - УДК | |
| Текстов определител УДК | История на цивилизацията. История на културата |
| УДК код - определител по УДК | 930.85 |
| УДК определител | (4) |
| УДК - код + определител | 930.85(4) |
| 080 ## - УДК | |
| Текстов определител УДК | История на Европа |
| УДК код - определител по УДК | 94(4) |
| УДК определител | |
| УДК - код + определител | 94(4) |
| 080 ## - УДК | |
| Текстов определител УДК | Различни видове култура. Култура на различните общества. Цивилизация. Субкултура. |
| УДК код - определител по УДК | 316.72 |
| УДК определител | (4) |
| УДК - код + определител | 316.72(4) |
| 100 1# - Редна дума - Автор | |
| Автор | Проницин, Борис |
| Авторска отговорност | първи автор |
| R(LIN) | 113207 |
| 139 ## - Редно поле | |
| Редна дума | Проницин, Борис |
| Авторски знак | Прод - П 91 |
| 245 10 - Сведения за заглавието | |
| Заглавие | Двете Европи |
| Подзаглавни данни | Слав. идея през ХХI век |
| Редно поле (дума) | Борис Проницин. |
| 257 ## - Страна на издаване | |
| Страна на създаване/издаване | България |
| 260 ## - Област на издателските данни | |
| -- | София ; Москва |
| Име на издателя, разпространителя и проч. | Pensoft |
| Година на издаване | 2000 |
| Печатница | София : Кл. Охридски |
| 300 ## - Физическа характеристика | |
| Страници | 344 с. |
| Илюстрации и др. | с табл. |
| Размери/Мащаб | 22 см |
| 380 ## - Жанр | |
| Жанр | История |
| 500 ## - Общи забележки | |
| Забележка | Офис. изд. - 600 тир. - Съдържа и Разгръщане на материализма в зап. история ; Разгръщане на индивидуализма в зап. история ; Прояви на колективното съзнание в източноевроп. история ; Парал. епохи и явления в ант., зап., и слав. история. - Библиогр. с. 341-344 |
| 504 ## - Забележка за наличие на библиография и др | |
| Забележка за наличие на библиография и под. | 341-344 |
| 650 #4 - Допълнително описание по предмет – тема | |
| Основно описание – тема или топоним | Култура - философски проблеми |
| 9 (RLIN) | 257507 |
| 650 #4 - Допълнително описание по предмет – тема | |
| Основно описание – тема или топоним | История - философски проблеми |
| 9 (RLIN) | 242500 |
| 650 #4 - Допълнително описание по предмет – тема | |
| Основно описание – тема или топоним | Култура, славянска - история |
| 9 (RLIN) | 271352 |
| 653 ## - Ключова дума – ненормативна | |
| Ключова дума | култура |
| 653 ## - Ключова дума – ненормативна | |
| Ключова дума | история |
| 653 ## - Ключова дума – ненормативна | |
| Ключова дума | философски проблеми |
| 852 ## - Местоположение | |
| Форматна сигнатура | Цб 206069 |
| 856 4# - Електронен адрес и достъп | |
| Електронен формат | pdf - файл |
| Път до файла /url/ | |
| 856 4# - Електронен адрес и достъп | |
| Електронен формат | pdf - файл |
| Път до файла /url/ | |
| 942 ## - АРТИКУЛИ | |
| Вид на библиотечния материал | Книги |
| Скрит в OPAC | Не |
| Koha issues (borrowed), all copies | 2 |
| 944 ## - СЪЗДАВАНЕ И РЕДАКЦИЯ на ЗАПИСА | |
| Създаване/Редакция | Създаване |
| Дата на регистрацията/редакция | 15.01.2003 |
| Служител, извършил регистрацията/редакцията | Наталия_Медовщикова |
| 944 ## - СЪЗДАВАНЕ И РЕДАКЦИЯ на ЗАПИСА | |
| Създаване/Редакция | Редакция |
| Дата на регистрацията/редакция | 22.10.2008 |
| Служител, извършил регистрацията/редакцията | |
| 999 ## - СИСТЕМНИ КОНТРОЛНИ НОМЕРА | |
| Koha biblionumber | 31219 |
| Koha biblioitemnumber | 31219 |
| Код за отписване | Код за изгубен артикул | Източник на класификационната схема | Код за повреда | Коз за рестрикции | Код за отдаване | Артикулен № | Име на библиотеката - собственик | Име на библиотеката, в която се намира в момента | Статус (Текущо местоположение) | Дата на вписване в системата | Местоположение - отдел | Цена в лева | Инвентарен номер | Систематично азбучна сигнатура | Баркод | Номер на екземпляра | Цена в евро | Служебен тип на артикула | Служебна бележка |
|---|---|---|---|---|---|---|---|---|---|---|---|---|---|---|---|---|---|---|---|
| Не е изгубен | Universal Decimal Classification | Не е повреден | без рестрикции | ползва се в читалня | 49819 | Регионална библиотека "Любен Каравелов" Русе | Регионална библиотека "Любен Каравелов" Русе | Хранилище | 2001-01-01 | Хранилище | 0.00 | 659744 | Цб 206069 | 120000659744 | 1 | 0.00 | Книги | ||
| Не е изгубен | Universal Decimal Classification | Не е повреден | без рестрикции | ползва се в читалня | 49820 | Регионална библиотека "Любен Каравелов" Русе | Регионална библиотека "Любен Каравелов" Русе | Читалня | 2001-01-01 | Читалня | 6.00 | 663976 | Ч 930/П 91 | 120000663976 | 2 | 3.07 | Книги | Дата инв: 28.03.2017 Бележки инв: Ч2017 | |
| Не е изгубен | Universal Decimal Classification | Не е повреден | без рестрикции | заемане за дома | 49821 | Регионална библиотека "Любен Каравелов" Русе | Регионална библиотека "Любен Каравелов" Русе | Заемна - подръчен фонд | 2008-10-06 | Заемна - подръчен фонд | 6.00 | 120000730328 | 930/П 91 Б | 120000730328 | 3 | 3.07 | Книги | Дост: Pk Вид: Ф N: 8680 Дата: 03.10.2008 Дата инв: 07.02.2018 Бележки инв: П2018 | |
| Не е изгубен | Universal Decimal Classification | Не е повреден | без рестрикции | заемане за дома | 49822 | Регионална библиотека "Любен Каравелов" Русе | Регионална библиотека "Любен Каравелов" Русе | Заемна - подръчен фонд | 2008-10-14 | Заемна - подръчен фонд | 6.00 | 120000730384 | 930/П 91 Б | 120000730384 | 4 | 3.07 | Книги | Дост: Pk Вид: Ф N: 8702 Дата: 14.10.2008 Дата инв: 07.02.2018 Бележки инв: П2018 |